NFL Week 16 Fantasy Leaders 2024-2025 - Statistics

General Stats
  • This quiz has been taken 47 times
  • The average score is 8 of 20
Answer Stats
Position Points Player % Correct
RB 27 Saquon Barkley
90%
WR 29.1 Keenan Allen
80%
QB 36.4 Jayden Daniels
75%
WR 36.4 Justin Jefferson
75%
WR 23.7 AJ Brown
73%
RB 25.4 Jahmyr Gibbs
68%
RB 39.8 Jonathan Taylor
58%
RB 24.3 Bijan Robinson
48%
QB 25.3 Jared Goff
45%
RB 31 De'Von Achane
43%
RB 32.5 Chuba Hubbard
40%
RB 27.6 James Cook
38%
WR 28.2 Brian Thomas Jr.
30%
QB 27.1 Bryce Young
25%
RB 26.6 James Conner
20%
WR 25.1 Deebo Samuel
15%
WR 24 Olamide Zaccheaus
5%
WR 26 Jameson Williams
3%
WR 24 Jaxon Smith-Njigba
3%
RB 24.1 Jerome Ford
3%
No matching quizzes found
Score Distribution
Percent of People with Each Score
Percentile by Number Answered
Your Score History
You have not taken this quiz